MARC Record
Leader
003
BE-GnUNI
007
't'u
035
a| (MSK)314000416
084
a| II.B.535/KT
245
0
4
a| Het Roode Zeil :
b| Kunst - Letteren - Leven (voortzetting van: De boomgaard : algemeen geïllustreerd maandschrift voor literatuur en kunst. - Antwerpen, 1909 - 1911).
260
a| Brussel :
b| Het Roode Zeil,
c| 1920.
500
a| Online: https://www.dbnl.org/titels/tijdschriften/tijdschrift.php?id=_roo003rood01
500
a| Online: De boomgaard: https://www.dbnl.org/titels/tijdschriften/tijdschrift.php?id=_boo002boom01
520
a| Tegenhanger van 'Ruimte' en het tijdschrift bij uitstek van de overgangsgeneratie tussen de vertegenwoordigers 'Van Nu en Straks' en de modernistische jongeneren. Het Roode Zeil vomrt een voortzetting en verruiming van de opvatting van het vroegere tijdschrift 'De Boomgaard'. De redactie is ongeveer dezelfde. Het individualistisch esthetisme staat in fel contrast met de eisen van de nieuwe tijd die vooral weerklank vinden in Ruimte. Het Roode Zeil houdt dan ook vlug op te bestaan (uit: Vlaams expressionisme in Europese context 1900-1930)
546
a| Nederlands
500
a| Tijdschriften
852
4
b| MSK
c| MSK
j| II.B.535/KT
920
a| tijdschrift
001
000044600
005
20241224121705.0